| 000 -LEADER |
| fixed length control field |
01067nam a2200289 a 4500 |
| 001 - CONTROL NUMBER |
| control field |
015516875 |
| 003 - CONTROL NUMBER IDENTIFIER |
| control field |
UkOxU |
| 005 - DATE AND TIME OF LATEST TRANSACTION |
| control field |
20231002114753.0 |
| 008 - FIXED-LENGTH DATA ELEMENTS--GENERAL INFORMATION |
| fixed length control field |
011112s2001 enka 001 0 eng d |
| 015 ## - NATIONAL BIBLIOGRAPHY NUMBER |
| National bibliography number |
GB A1-60107 |
| 020 ## - INTERNATIONAL STANDARD BOOK NUMBER |
| International Standard Book Number |
0199147353 |
| 020 ## - INTERNATIONAL STANDARD BOOK NUMBER |
| International Standard Book Number |
9780199147359 |
| 035 ## - SYSTEM CONTROL NUMBER |
| System control number |
BNB2668.711 |
| 035 ## - SYSTEM CONTROL NUMBER |
| System control number |
(UkOxU)UkOxUw11506994 |
| 040 ## - CATALOGING SOURCE |
| Transcribing agency |
KH8 |
| 082 0# - DEWEY DECIMAL CLASSIFICATION NUMBER |
| Classification number |
510 GAU |
| Edition number |
21 |
| 100 1# - MAIN ENTRY--PERSONAL NAME |
| Personal name |
Gaulter, Brian, |
| Dates associated with a name |
1943- |
| Relator term |
author. |
| 245 10 - TITLE STATEMENT |
| Title |
Further pure mathematics / |
| Statement of responsibility, etc. |
Brian and Mark Gaulter. |
| 260 ## - PUBLICATION, DISTRIBUTION, ETC. |
| Place of publication, distribution, etc. |
Oxford : |
| Name of publisher, distributor, etc. |
Oxford University Press, |
| Date of publication, distribution, etc. |
2001. |
| 300 ## - PHYSICAL DESCRIPTION |
| Extent |
v, 420 p. : |
| Other physical details |
ill. ; |
| Dimensions |
28 cm. |
| 500 ## - GENERAL NOTE |
| General note |
Includes index. |
| 520 ## - SUMMARY, ETC. |
| Summary, etc. |
Following on from Introducing Pure Mathematics by Smedley and Wiseman, Further Pure Mathematics covers in one volume all the pure mathematics required by students taking further mathematics. It also provides the basics for mathematics encountered in Higher Education. |
| 650 #0 - SUBJECT ADDED ENTRY--TOPICAL TERM |
| Topical term or geographic name entry element |
Mathematics |
| Form subdivision |
Textbooks. |
| 650 #0 - SUBJECT ADDED ENTRY--TOPICAL TERM |
| Topical term or geographic name entry element |
Mathematics |
| Form subdivision |
Problems, exercises, etc. |
| 700 1# - ADDED ENTRY--PERSONAL NAME |
| Personal name |
Gaulter, Mark, |
| Relator term |
author. |
| 942 ## - ADDED ENTRY ELEMENTS (KOHA) |
| Source of classification or shelving scheme |
|
| Koha item type |
Teaching Resources |